000 00298nam a2200121Ia 4500
008 190216s9999||||xx |||||||||||||| ||und||
100 _aSankaranarayan S R
245 0 _aMechanics And Property Of Matter
260 _bSulthan Chand&Sons
_c1983
300 _a304p
650 _aPhysics
942 _cBK
999 _c33007
_d33007